| 000 | 00736nam a22002297a 4500 | ||
|---|---|---|---|
| 003 | OSt | ||
| 005 | 20251216025958.0 | ||
| 008 | 251216b |||||||| |||| 00| 0 eng d | ||
| 020 | _a9812448845 | ||
| 040 |
_aDWCL - Main _cOC |
||
| 082 | _aCirc. 550 T179e 2003 | ||
| 100 |
_aTarbuck, Edward J. _eAuthor |
||
| 245 |
_aEarth science : _bbasic principles and concepts / _cEdward J. Tarbuck [and two others] |
||
| 250 | _aTenth edition. | ||
| 260 |
_aNew Jersey: _bPearson Education, _cc2003. |
||
| 300 |
_axvii, 686 pages: _billustrations; _c26 cm. |
||
| 504 | _aIncludes index. | ||
| 650 | _a1. Earth sciences. | ||
| 700 |
_aI. Lutgens, Frederick K. _eAuthor |
||
| 700 |
_aII. Tasa, Dennis _eIllustrator |
||
| 942 |
_2ddc _cBK-CIRC _n0 |
||
| 999 |
_c7103 _d7103 |
||